Szellemi rendszerváltás Magyar tanítási nyelvű magángimnázium Szlovákiában: Galánta

Podrobná bibliografia
Hlavní autori: Tóth, Lajos (Autor), Petrőci, Bálint (Autor)
Médium: Článok
Jazyk:maďarčina
Fyzický popis:Fotogr. 3
Predmet:

MARC

LEADER 00000nab a2200000 a 4500
001 vtls000488410
003 SK-MaSNL
005 20260319074124.0
008 160202c1993 xo 0 hun
015 |a SNBRB19rr/mm-uuuuu 
035 |a CL0488547 
040 |a SNKBUCL  |b slo  |c SNKBUCL  |e AACR2 
041 0 |a hun 
044 |a xo  |c SK 
080 |a 373.54(437.6=945.11):37.058  |2 1981 
080 |a 37.058  |2 1981 
100 1 |a Tóth, Lajos  |4 aut  |9 267096 
245 1 0 |a Szellemi rendszerváltás  |b Magyar tanítási nyelvű magángimnázium Szlovákiában: Galánta  |c Lajos Tóth, Bálint Petrőci 
300 |b Fotogr. 3 
650 0 7 |a Súkromné gymnázium s vyučovacím jazykom maďarským, Galanta  |2 snkbucl  |9 976653 
651 7 |a 52O3  |2 snkbucl  |9 983146 
655 7 |a články z novín a časopisov  |2 snkbucl  |9 267496 
700 1 |a Petrőci, Bálint  |4 aut  |9 377541 
773 0 |t Vasárnap  |g Roč. 26, č. 24 (1993), s. 5 
850 |a Slovenská národná knižnica v Martine  |a DSG001 
852 |a SNK  |b KIS3GCP 
958 |a RK 
958 |a HU 
992 |a RBX 
999 |c 1577047  |d 1578977